| 000 | 00877nam a2200289 a 4500 | ||
|---|---|---|---|
| 001 | 25844 | ||
| 003 | CO-ViMGA | ||
| 008 | 141112s2004 ck r 000 u spa d | ||
| 020 | _a9789584233158 | ||
| 040 |
_aCO-ViMGA _bspa _cCO-ViMGA |
||
| 041 | _aSPA | ||
| 090 | _aN ISA1 | ||
| 100 | 1 |
_aIsaacs, Jorge, 1837 - 1895 _940176 |
|
| 245 | 1 | 0 |
_aMaría / _cJorge Isaacs |
| 250 | _a1 ed. | ||
| 260 |
_aBogotá : _bPlaneta, _c2013 |
||
| 300 | _a405 p. | ||
| 490 | _aGrandes éxitos | ||
| 650 | 1 | 4 |
_aAMOR EN LA LITERATURA _969 |
| 650 | 1 | 4 |
_aDESDE LOS 12 AÑOS _92195 |
| 650 | 1 | 4 |
_aLITERATURA COLOMBIANA - SIGLO XIX _940177 |
| 650 | 1 | 4 |
_aMUJERES - NOVELA _915324 |
| 650 | 1 | 4 |
_aNOVELA AMOROSA COLOMBIANA _92106 |
| 650 | 1 | 4 |
_aNOVELA COLOMBIANA - SIGLO XIX _940178 |
| 651 |
_aVALLE DEL CAUCA (DEPARTAMENTO, COLOMBIA) - VIDA SOCIAL Y COSTUMBRES - NOVELA _9389 |
||
| 942 |
_2ddc _cBK |
||
| 999 |
_c5409 _d5409 |
||